NBA Teams mit Tieren im Namen - Statistiken

Allgemein
  • Dieses Quiz wurde 104 mal gespielt
    80 seit der letzten Aktualisierung
  • Das Durchschnittsergebnis liegt bei 4 aus 6
Antwortstatistiken
Hint Antwort % Korrekt
Eastern Conference Milwaukee Bucks
67%
Eastern Conference Chicago Bulls
66%
Western Conference Memphis Grizzlies
64%
Western Conference Minnesota Timberwolves
60%
Eastern Conference Atlanta Hawks
52%
Eastern Conference Charlotte Hornets
45%
Keine übereinstimmenden Quizze gefunden
Verteilung der Resultate
Anzahl Personen mit jedem Resultat
Perzentil nach korrekt beantworteten Fragen
Ihre Resultats-Entwicklung
Sie haben dieses Quiz seit der letzten Aktualisierung nicht gespielt